Blasons historiques français - Statistiques

Statistiques générales
  • Ce quiz a été pris 160 fois
  • Le résultat moyen est 10 sur 24
Statistiques - réponses
Par images Réponse % Correct
Bretagne (après 1316)
97%
Normandie
93%
Paris
92%
Lorraine
74%
Dauphiné
68%
Toulouse
66%
Flandre
62%
France (domaine royal)
62%
Foix-Béarn
59%
Champagne
57%
Orléans (Capétien)
56%
Provence
50%
Comté de Bourgogne
45%
Anjou (Capétien)
41%
Luxembourg
38%
Duché de Bourgogne
14%
Montmorency
14%
Du Guesclin
13%
Lusignan
11%
Orange-Baux
9%
Dreux
8%
Montfort
8%
Châtillon
5%
Coucy
5%
Aucun quiz correspondant
Distribution des résultats
% des personnes avec chaque résultat
Percentile par nombre de réponses
Votre historique - résultats
Vous n’avez pas pris ce quiz